Normal view
MARC view
- Principles of Management
Entry Topical Term
001 - CONTROL NUMBER
- control field: 112256
003 - CONTROL NUMBER IDENTIFIER
- control field: NUST
005 - DATE AND TIME OF LATEST TRANSACTION
- control field: 20230512102407.0
008 - FIXED-LENGTH DATA ELEMENTS
- fixed length control field: 230512|| aca||aabn | a|a d
040 ## - CATALOGING SOURCE
- Original cataloging agency: NUST
- Transcribing agency: NUST
150 ## - HEADING--TOPICAL TERM
- Topical term or geographic name entry element: Principles of Management
670 ## - SOURCE DATA FOUND
- Source citation: Work cat.: (NUST): Bagad, V.S 112255, Principles of Management, 2005.
